000
00305nam a2200133Ia 4500
005
20251222144824.0
008
251222s9999||||xx |||||||||||||| ||spa||
082
_a
658/T79
100
_a
Trelles SarazĂș, Carlos
245
0
_a
Razones BurocrĂĄticas:
250
_a
1ra.ed.
264
_b
PUCP
942
_c
LIB
999
_c
20597
_d
20597